Statistics for Whale and dolphin species by image

Click here to take the quiz!

General Stats

  • This quiz has been taken 498 times
  • The average score is 7 of 12

Answer Stats

Answer% Correct
Orca
98%
Blue whale
96%
Cachalot
92%
Humpback
90%
Beluga whale
85%
Gray whale
50%
Right whale
44%
Fin whale
35%
Minke whale
33%
Bowhead whale
28%
Spinner dolphin
18%
Omura's whale
4%

Score Distribution

Percentile by Number Answered

Percent of People with Each Score

Your Score History

You have not taken this quiz